| 000 | 00391nam a2200145 i 4500 | ||
|---|---|---|---|
| 001 | bg | ||
| 100 | 1 | _aMAJEWSKI, Przemysław | |
| 245 | 0 |
_aZadania z podstaw elektrotechniki ogólnej / _cPrzemysław Majewski, Jerzy Ocioszyński. |
|
| 260 |
_aWarszawa, _c1970. |
||
| 700 | 1 | _aOCIOSZYŃSKI, Jerzy | |
| 040 | _cBPK | ||
| 041 | _apol | ||
| 942 | _cKS | ||
| 008 | s pl f |000 0 pol | ||
| 999 |
_c7524 _d7524 |
||
| 856 |
_uhttp://koha.tu.koszalin.pl/cgi-bin/koha/opac-detail.pl?biblionumber=7524 _yKatalog online BPK |
||